000 00216nam a22001097a 4500
041 _aENG
100 _aBarre.H.J
245 _aFarm Structures
260 _aDelhi
_bICAR
_c1997
650 _aFS (29)
856 _uFS (29)
999 _c3051
_d3051